000 00947nas a2200301 4500
001 BR0305810
003 BR-BrBNA
005 20231205104205.0
007 ta
008 230509b bl.|||p| |||| 00| 00por d
040 _aBR-BrBNA
_bpor
_cBiblioteca Nacional de Agricultura
041 _a(Pt)
072 _aF02; F40; F62
100 1 _aSilva, A.B. da
100 1 _aPasqual, M.
100 1 _aMaciel, A.L. de R.
100 1 _aDutra, L.F.
245 1 _aBAP e substratos na aclimatização de plântulas de gloxínia (Sinningia speciosa Lood. Hiern.)provenientes de cultura de tecidos
650 _aGLOXÍNIA
650 _aCULTURA DE TECIDO
650 _aACLIMATAÇÃO
650 _aPLÂNTULA
650 _aSUBSTRATO DE CULTURA
650 _aESTUFA
773 0 _tCiência e Agrotecnologia (Brazil)
_xISSN 1413-7054
_g(Mar-Apr 2003), v. 27(2) p. 255-260
_wBR0305810
909 _a202311
_bLúcia
_c55
_dLúcia Elande
942 _2AGRIS
_n0
_cANA
999 _c176851
_d176851